Základy podnikání
Gespeichert in:
| Hauptverfasser: | , , |
|---|---|
| Format: | Buch |
| Sprache: | Tschechisch |
| Veröffentlicht: |
Praha :
Grada Publishing,
2010
|
| Schlagworte: | |
| Tags: |
Keine Tags, Fügen Sie das erste Tag hinzu!
|
MARC
| LEADER | 00000nam a22000003a 4500 | ||
|---|---|---|---|
| 001 | stu214971 | ||
| 005 | 20220526112834.9 | ||
| 008 | 101028s1993----xr------------------cze-d | ||
| 020 | |a 978-80-247-3339-5 | ||
| 040 | |a STU |b slo | ||
| 041 | 0 | |a cze | |
| 044 | |a xr | ||
| 080 | |a 65.012.4 | ||
| 100 | 1 | |a Srpová, Jitka |4 aut | |
| 245 | 1 | |a Základy podnikání | |
| 260 | |a Praha : |b Grada Publishing, |c 2010 | ||
| 300 | |a 427 s. | ||
| 650 | 7 | |a podnikanie |2 stusub | |
| 650 | 7 | |a manažment |2 stusub | |
| 650 | 7 | |a marketing |2 estusub | |
| 700 | 1 | |a Řehoř, Václav |4 aut | |
| 700 | 1 | |a a kol. |4 aut | |
| 996 | |b 284EK88491 |c E*88491 |l EE01 |s A |a 24 |w stu214971_0001 | ||